Republic of Palau : Staff Report for the 2012 Article IV Consultation.

This 2012 Article IV Consultation reports that Palau's growth is expected to be favorable at 3 percent in FY2012 and to average 2 percent over the medium term. The outlook is clouded by an unsettled global environment, and downside risks dominate. Highly dependent on tourism, imports of food an...

Descripción completa

Detalles Bibliográficos
Autor Corporativo: International Monetary Fund
Formato: Revista
Lenguaje:English
Publicado: Washington, D.C. : International Monetary Fund, 2012.
Colección:IMF Staff Country Reports; Country Report ; No. 2012/054
Acceso en línea:Full text available on IMF
LEADER 01621cas a2200241 a 4500
001 AALejournalIMF011739
008 230101c9999 xx r poo 0 0eng d
020 |c 5.00 USD 
020 |z 9781475502404 
022 |a 1934-7685 
040 |a BD-DhAAL  |c BD-DhAAL 
110 2 |a International Monetary Fund. 
245 1 0 |a Republic of Palau :   |b Staff Report for the 2012 Article IV Consultation. 
264 1 |a Washington, D.C. :  |b International Monetary Fund,  |c 2012. 
300 |a 1 online resource (37 pages) 
490 1 |a IMF Staff Country Reports 
500 |a <strong>Off-Campus Access:</strong> No User ID or Password Required 
500 |a <strong>On-Campus Access:</strong> No User ID or Password Required 
506 |a Electronic access restricted to authorized BRAC University faculty, staff and students 
520 3 |a This 2012 Article IV Consultation reports that Palau's growth is expected to be favorable at 3 percent in FY2012 and to average 2 percent over the medium term. The outlook is clouded by an unsettled global environment, and downside risks dominate. Highly dependent on tourism, imports of food and fuel, and foreign aid, Palau remains vulnerable to external headwinds and has limited policy space to counter these risks. The authorities have made commendable efforts to reduce the current fiscal deficit markedly during FY2010-11, but the deficit remains sizable. 
538 |a Mode of access: Internet 
830 0 |a IMF Staff Country Reports; Country Report ;  |v No. 2012/054 
856 4 0 |z Full text available on IMF  |u http://elibrary.imf.org/view/journals/002/2012/054/002.2012.issue-054-en.xml  |z IMF e-Library